000 01499nam a2200337 a 4500
001 000001851
005 20250307114820.0
008 090629s1986 dr a 001 0 spa d
040 _aDO-SdBNP
_bspa
_cBNPHU
082 _a332.1097293
_bM553f
245 0 0 _aMercado financiero no regulado /
_cJames Zinser ... [et al.].
260 _aSanto Domingo :
_bCEMYB,
_c1986.
300 _a139 p. :
_bgraf. ;
_c23 cm.
490 1 _aEstudios
500 _aIncluye índice general y de cuadros
500 _a"Elaborado por el Departamento Financiero del Banco Central de la República Dominicana, con patrocinio del Proyecto [Movilización de Ahorros Rurales en la República Dominicana], y fue presentado en el segundo taller del Proyecto en Puerto Plata, del 18 al 20 de octubre de 1984"--Presentación.
504 _aBibliografía: p. 141
590 _aInventariado, 2018/MFF
650 4 _aInstituciones financieras
_zRepública Dominicana
_96015
650 4 _aInstituciones financieras
_xLegislación
_96016
650 4 _aFinanzas
_xLegislación
_96017
700 1 2 _aZinse, James
_96018
700 1 2 _aPaniagua, Zunilda
_96019
700 1 2 _aMármol, Nieves
_96020
700 1 2 _aLembert, Agueda
_96021
700 1 2 _aMartínez, Adriana
_96022
710 2 _aCentro de Estudios Monetarios y Bancarios (Santo Domingo, República Dominica)
_96023
710 2 _aProyecto Movilización de Ahorros Rurales en la República Dominicana
_96024
830 0 _aEstudios
_93854
910 _aJornada de catalogación
999 _c1728
_d1728